LEADER 01991nas 2200625-a 450 001 996212831903316 005 20230217213020.0 011 $a1476-072X 035 $a(OCoLC)51212935 035 $a(CKB)111041294030046 035 $a(CONSER)--2003244907 035 $a(MiFhGG)5QCF 035 $a(MiAaPQ)44536 035 $a(DE-599)ZDB2091613-9 035 $a(EXLCZ)99111041294030046 100 $a20021212a20029999 s-- a 101 0 $aeng 135 $aurcnu|||||||| 181 $ctxt$2rdacontent 182 $cc$2rdamedia 183 $acr$2rdacarrier 200 00$aInternational journal of health geographics 210 $a[London] $cBioMed Central$d2002- 215 $a1 online resource 300 $aTitle from publisher's PDF article caption (viewed Sept. 8, 2003). 300 $aRefereed/Peer-reviewed 531 $aINT J HEALTH GEOGR 531 $aINT. J. HEALTH GEOGR 531 10$aInt J Health Geogr 606 $aGeographic information systems$xHealth aspects$vPeriodicals 606 $aGeography$xHealth aspects$vPeriodicals 606 $aInformation Systems$xstatistics & numerical data 606 $aTopography, Medical$xmethods 606 $aPublic Health 606 $aDelivery of Health Care 606 $aHealth Resources 606 $aMedical Geography$2ebps 608 $aPeriodical. 608 $aFulltext. 608 $aInternet Resources. 608 $aPeriodicals. 608 $aPeriodicals.$2fast 610 $aGeography-General 615 0$aGeographic information systems$xHealth aspects 615 0$aGeography$xHealth aspects 615 12$aInformation Systems$xstatistics & numerical data. 615 22$aTopography, Medical$xmethods. 615 22$aPublic Health. 615 22$aDelivery of Health Care. 615 22$aHealth Resources. 615 7$aMedical Geography. 906 $aJOURNAL 912 $a996212831903316 996 $aInternational journal of health geographics$92130589 997 $aUNISA LEADER 01726nas 2200565- 450 001 9910136263203321 005 20210920213022.0 011 $a2423-3420 035 $a(OCoLC)960107782 035 $a(CKB)3710000000595653 035 $a(CONSER)--2017243042 035 $a(DE-599)ZDB3015705-5 035 $a(EXLCZ)993710000000595653 100 $a20141209a20149999 --- - 101 0 $aeng 135 $aur||||||||||| 181 $ctxt$2rdacontent 182 $cc$2rdamedia 183 $acr$2rdacarrier 200 00$aCurrent medical mycology 210 1$aSari, Iran :$cMazandaran University of Medical Sciences,$d[2015]- 215 $a1 online resource 300 $aTitle originally called Advance in medical mycology but was changed after the first issue due to a title conflict with another publication. 300 $aRefereed/Peer-reviewed 311 08$a2423-3439 517 1 $aCMM 517 1 $aAdvances in medical mycology 517 1 $aAdvance in medical mycology 517 1 $aAMM 531 $aCURR MED MYCOL 531 0 $aCurr. med. mycol. 531 10$aCurr Med Mycol 606 $aMycoses$vPeriodicals 606 $aMycoses$2fast$3(OCoLC)fst01031346 606 $aMycoses 608 $aFulltext. 608 $aInternet Resources. 608 $aPeriodicals. 608 $aPeriodicals.$2fast 608 $aPeriodical. 615 0$aMycoses 615 7$aMycoses. 615 12$aMycoses. 712 02$aIranian Society of Medical Mycology, 712 02$aInvasive Fungi Research Center, 712 02$aD?nishg?h-i ?Ul?m-i Pizishk?-i M?zandar?n, 906 $aJOURNAL 912 $a9910136263203321 996 $aCurrent medical mycology$92564521 997 $aUNINA